000 00622nam a2200241Ia 4500
003 OSt
005 20220918225030.0
006 a|||||r|||| 00| 0
007 ta
008 220917b |||||||| |||| 00| 0 eng d
024 _a236,273
037 _cTextual
040 _aARTS
_cARTS
_beng
041 _2eng
_aeng
082 _aQ10aA, K5
100 _aNolle Wilfried
_9149506
245 0 _aGermany
_b veda's second home
260 _aBonn
_bBonner University Germany
_c1965
300 _a46p.
_ccm.
650 _aRELIGION
942 _hQ10aA, K5
_cTEXL
_2CC
999 _c283186
_d283186